000
00290nam a2200109Ia 4500
008
191201s2013 xx 000 0 und d
100
_a
HOLZNER,Steven
245
0
_a
Visual Basic 6 Programming Black Book
250
_a
Rep
260
_c
2013
_b
Wiley Dreautech India
_a
New Delhi
942
_2
ddc
_c
BK
999
_c
7926
_d
7926